Pokémon commençant par S - Statistiques

Statistiques générales
  • Ce quiz a été pris 3 141 fois
    1 619 depuis la dernière actualisation
  • Le résultat moyen est 32 sur 70
Statistiques - réponses
Réponse % Correct
004 Salamèche
95%
027 Sabelette
84%
028 Sablaireau
84%
336 Séviper
72%
146 Sulfura
72%
120 Stari
68%
121 Staross
67%
392 Simiabraz
66%
114 Saquedeneu
64%
245 Suicune
62%
338 Solaroc
60%
127 Scarabrute
58%
337 Séléroc
57%
109 Smogo
56%
110 Smogogo
56%
214 Scarhino
55%
791 Solgaleo
54%
093 Spectrum
53%
659 Sapereau
52%
367 Serpang
52%
096 Soporifik
52%
472 Scorvol
51%
207 Scorplane
50%
687 Sepiatroce
49%
686 Sepiatop
48%
185 Simularbre
48%
582 Sorbébé
48%
767 Sovkipou
48%
361 Stalgamin
48%
584 Sorbouboul
47%
583 Sorboul
47%
422 Sancoki
46%
773 Silvallié
46%
714 Sonistrelle
46%
492 Shaymin
45%
768 Sarmuraï
44%
849 Salarsen
40%
544 Scobolide
40%
633 Solochi
40%
624 Scalpion
39%
851 Scolocendre
39%
858 Sorcilence
39%
625 Scalproie
38%
576 Sidérella
38%
327 Spinda
38%
755 Spododo
37%
208 Steelix
37%
684 Sucroquin
37%
574 Scrutella
36%
713 Séracrawl
36%
319 Sharpedo
36%
355 Skelénox
36%
763 Sucreine
36%
579 Symbios
35%
1009 Serpente-Eau
34%
898 Sylveroy
33%
983 Scalpereur
31%
620 Shaofouine
31%
300 Skitty
30%
442 Spiritomb
29%
781 Sinistrail
28%
209 Snubbull
28%
932 Selutin
27%
703 Strassie
27%
952 Scovilain
26%
892 Shifours
26%
325 Spoink
26%
595 Statitik
22%
897 Spectreval
19%
964 Superdofin
17%
Aucun quiz correspondant
Distribution des résultats
% des personnes avec chaque résultat
Percentile par nombre de réponses
Votre historique - résultats
Vous n’avez pas pris ce quiz depuis la dernière actualisation